| 000 | 01305nam a2200421 i 4500 | ||
|---|---|---|---|
| 001 | 23185 | ||
| 003 | KOSZ 005 | ||
| 005 | 20240405063033.0 | ||
| 008 | 981103s1986 pl a |000 0 pol | ||
| 015 | _aPB 1986/4668 | ||
| 020 | _a8301067225 | ||
| 040 |
_aWA N _cWA N _dKOSZ 005/HR |
||
| 041 | 0 | _apol | |
| 080 | _a1(091) | ||
| 080 | _a7.01(438)(091) | ||
| 080 | _a7.034.7/.035(438)(091) | ||
| 100 | 1 |
_aTatarkiewicz, Władysław _d(1886-1980) _eAutor |
|
| 245 | 1 | 0 |
_aO filozofii i sztuce / _cWładysław Tatarkiewicz. |
| 260 |
_aWarszawa : _bPańst. Wydaw. Naukowe, _c1986. |
||
| 300 |
_a445, [2] s. : _bfot., portr. ; _c25 cm. |
||
| 380 | _aKsiążki | ||
| 388 | _a1901-2000 | ||
| 500 | _aNa obwol. : W setną rocznicę urodzin. | ||
| 504 | _aNota bibliogr. s. 442-444. | ||
| 648 | 4 | _a1601-1700 | |
| 648 | 4 | _a1701-1800 | |
| 648 | 4 | _a1801-1900 | |
| 648 | 4 | _a1901-2000 | |
| 648 | 4 | _a1501-1600 | |
| 650 | 4 | _aEstetyka | |
| 650 | 4 | _aFilozofia | |
| 650 | 4 | _aSztuka | |
| 658 | _aFilozofia i etyka | ||
| 658 | _aKultura i sztuka | ||
| 710 | 2 | _aPaństwowe Wydawnictwo Naukowe | |
| 856 |
_uhttp://koha.tu.koszalin.pl/cgi-bin/koha/opac-detail.pl?biblionumber=23185 _yKatalog online BPK |
||
| 942 |
_2UKD _cKS |
||
| 999 |
_c23185 _d23185 |
||